Drying of porous granular materials /
Guardado en:
| Otros Autores: | |
|---|---|
| Formato: | Manuscrito |
| Idioma: | English |
| Publicado: |
1985.
|
| Materias: | |
| Etiquetas: |
Agregar Etiqueta
Sin Etiquetas, Sea el primero en etiquetar este registro!
|
| LEADER | 00864ntm a22002295a 4500 | ||
|---|---|---|---|
| 001 | EIQ.libpla003390 | ||
| 008 | 071227s1985####sw#ao####bm###000#0#eng#d | ||
| 005 | 20071227184537.0 | ||
| 245 | 1 | 0 | |a Drying of porous granular materials / |c Anders Hallstrom. |
| 260 | |c 1985. | ||
| 300 | |a 119 p. : |b il., fotos ; |c 24,5 cm. | ||
| 502 | |a Tesis (doctorado)--Lund University. Department of Chemical Engineering, 1996. | ||
| 500 | |a Director de tesis: Prof. Roland Wimmerstedt. | ||
| 504 | |a Incluye referencias bibliográficas. | ||
| 100 | 1 | |a Hallstrom, Anders. |4 dis | |
| 710 | 2 | |a Lund University. |b Department of Chemical Engineering |4 dgg. | |
| 650 | 4 | |a Procesos |x Tesis. | |
| 650 | 4 | |a Material granulado |x Secado. | |
| 650 | 4 | |a Processes |x Thesis. | |
| 650 | 4 | |a Granular materials |x Drying. | |
| 040 | |a AR-BbSID |b spa |c AR-BbSID | ||
| 859 | |a AR-BbSID |b BIB. PLAPIQUI |h 660.284 26 |i H 14 |p 4629 | ||
